| 000 | 01507nam0a22003131 4500 | ||
|---|---|---|---|
| 001 | rc\3141924 | ||
| 005 | 20260408072711.0 | ||
| 021 |
_aRU _b[75-73498] |
||
| 035 | _a(NLR Aleph) 007318819 | ||
| 090 |
_a5887824 _c5887824 |
||
| 100 | _a20120615d1975 |||y0rusy50 ca | ||
| 101 | 0 | _arus | |
| 102 | _aRU | ||
| 105 | _ay z ||||| | ||
| 200 | 1 |
_aХирургическая операция у больных сахарным диабетом (особенности предоперационной подготовки и послеоперационного ведения) _eМетод. рекомендации _f[Сост. д-р мед. наук Ф.С. Ткач, профессора Н.Г. Цариковская, А.С. Ефимов] _gМ-во здравоохранения УССР |
|
| 210 |
_aХарьков _cБ. и. _d1975 |
||
| 215 |
_a22 с. _d20 |
||
| 606 |
_aХирургические операции при сахарном диабете _2psbo |
||
| 606 |
_aДиабет сахарный _2psbo |
||
| 702 | 1 |
_aЦариковская _bН.Г. _4220 |
|
| 702 | 1 |
_4220 _7ca _8rus _aЕфимов _bА. С. _cд-р мед. наук _f1928-2017 _gАндрей Семенович _9256308 _3RU\NLR\AUTH\770256364 |
|
| 702 | 1 |
_aТкач _bФ.С. _4220 |
|
| 712 | 0 | 1 |
_aУССР _bМинистерство здравоохранения _3RU\NLR\AUTH\8810062839 _9627233 |
| 801 | 0 |
_aRU _bNLR _gpsbo |
|
| 801 | 1 |
_aRU _bELAR _2rusmarc |
|
| 852 |
_aNLR _j75-4/20185 |
||
| 942 | _cBOOK | ||
| 980 | _aNB | ||